000 00355cam a22001097a 4500
008 180718b1968 xxu||||| |||| 00| 0 eng d
082 _aR706x71 C16/ST/4
100 _aISAAC, J.E.
245 _aTask force on labour relations, study no. 4 Compulsory arbitration in Australia
_cby J.E. ISAAC
260 _aOttawa
_bPrivy Council Office
_c1968
300 _av, 84p
999 _c496395
_d496395